000 00252nam a2200097Ia 4500
001 652199
005 20250826154434.0
008 250824s9999 xx 000 0 und d
245 0 _aHaritalar ve Haritacılık
_cJinny Johnson
260 _bTÜBİTAK YAYINLARI
999 _c652199
_d652199